000 00604nam a2200229Ia 4500
005 20250508164503.0
008 008 250505s9999 xx 000 0 hin d
020 _a0-7225-2819-1
037 _aTextual
040 _aFEDL
_beng
_cFEDL
041 _ahin
_2eng
084 _a305.42, DEB
_qFEDL
100 _aDe Beauvoir Simone
245 0 _aStree: Upekshita. Second sex
260 _aDelhi, India
_bHindi Pocket Books Pvt. Ltd.
_c1994
300 _a351p.
365 _aINR
_b85
546 _aMACESE
650 _aWomen
942 _cTEXL
_h305.42, DEB
999 _c1389375
_d1389375